<?xml version="1.0" encoding="UTF-8"?>
<record
    xmlns:xsi="http://www.w3.org/2001/XMLSchema-instance"
    xsi:schemaLocation="http://www.loc.gov/MARC21/slim http://www.loc.gov/standards/marcxml/schema/MARC21slim.xsd"
    xmlns="http://www.loc.gov/MARC21/slim">

  <leader>00346nam a22001217a 4500</leader>
  <datafield tag="040" ind1=" " ind2=" ">
    <subfield code="c">HS</subfield>
  </datafield>
  <datafield tag="082" ind1=" " ind2=" ">
    <subfield code="a">590</subfield>
  </datafield>
  <datafield tag="100" ind1=" " ind2=" ">
    <subfield code="a">&#x178F;&#x17D2;&#x179A;&#x17B6;&#x1793; &#x1790;&#x17B6;&#x1793;&#x17CB;&#x1780;&#x17B6;&#x1789;&#x17CB;</subfield>
  </datafield>
  <datafield tag="245" ind1=" " ind2=" ">
    <subfield code="a">&#x1792;&#x179A;&#x178E;&#x17B8;&#x179C;&#x17B7;&#x1791;&#x17D2;&#x1799;&#x17B6;&#x1791;&#x17BC;&#x1791;&#x17C5; Pedologie general</subfield>
  </datafield>
  <datafield tag="260" ind1=" " ind2=" ">
    <subfield code="a">&#x1797;&#x17C6;&#x1796;&#x17C1;&#x1789;</subfield>
    <subfield code="b">&#x1780;&#x17D2;&#x179A;&#x179F;&#x17BD;&#x1784;&#x1780;&#x179F;&#x17B7;&#x1780;&#x1798;&#x17D2;&#x1798;</subfield>
    <subfield code="c">1992</subfield>
  </datafield>
  <datafield tag="300" ind1=" " ind2=" ">
    <subfield code="a">145p;</subfield>
  </datafield>
  <datafield tag="942" ind1=" " ind2=" ">
    <subfield code="c">KB</subfield>
  </datafield>
  <datafield tag="999" ind1=" " ind2=" ">
    <subfield code="c">9031</subfield>
    <subfield code="d">9031</subfield>
  </datafield>
  <datafield tag="952" ind1=" " ind2=" ">
    <subfield code="0">0</subfield>
    <subfield code="1">0</subfield>
    <subfield code="4">0</subfield>
    <subfield code="6">590_000000000000000_&#x178F;&#x179A;&#x17B6;&#x1793;_1992_C174</subfield>
    <subfield code="7">0</subfield>
    <subfield code="9">50523</subfield>
    <subfield code="a">LBB</subfield>
    <subfield code="b">LBB</subfield>
    <subfield code="c">C174</subfield>
    <subfield code="d">2016-08-23</subfield>
    <subfield code="o">590 &#x178F;&#x17D2;&#x179A;&#x17B6;&#x1793; 1992 C174</subfield>
    <subfield code="p">RUA045526</subfield>
    <subfield code="r">2016-10-17</subfield>
    <subfield code="y">KB</subfield>
  </datafield>
</record>
